000 00541nam a2200205Ia 4500
005 20240823025807.0
008 240823s9999||||xx |||||||||||||| ||und||
020 _a978-81-265-2399-3
041 _aENGLISH
082 _A629.1 Q0
100 _aDavid H Allen
245 0 _aIntroduction to Aerospace Structural Analysis
250 _a1st
260 _c2010
_bWiley India Pv
_aNew Delhi
500 _aTRANSFERED
650 _aStructural Analysis
_bAerospace Engineering
700 _a Walter E Haisler
942 _cBK
999 _c187168
_d187168